01364nam a2200241 a 450000100100000000500170001000800410002702000180006804000250008608200150011110000360012624503170016226000530047930000430053250400320057550000730060770000270068070000380070795201280074595201130087395201190098699900170110500004536620201002050113.0150305s2014 dr abc 000 0 spa d a9789945166552 aDO-SdBNPbspacBNPHU axxxxbxxxx1 aPetrozziello, Allison J.96319310aFanm Nan Fwontyé, Fanm Toupatou :beclairage sur la violence exercée sur les Immigrantes d'origine haitienne, celles en transit migratoire et sur les déplacées internes le long de la frontière Dominicano-Haitienne /cAllison J. Petrozziello, Bridget Wooding ; prologue Bridget Wooding, Sergia Galván. aSanto Domingo :bColectiva Mujer y Salud,c2014. a188 p. :bil., mapas, retrs. ;c26 cm. aBibliografía : p. 153-160 aIncluye referencias bibliográficas y notas al pie de las páginas12aWooding, Bridget9223112aGalván, Sergia,epról.938245 001054708DSaGRbGRcHDd2015-03-05iLF1l0oxxxx xxxxp45366-30r2020-06-25te. 3w2020-06-25yLFDSZPréstamo en sala 0010718PDaPDbPDcHDd2015-03-05iLF1l0oxxxx xxxxp45366-10r2020-06-25w2020-06-25yLFPDZNo se presta 0010718PDaPDbPDcHDd2015-03-05iLF1l0oxxxx xxxxp45366-20r2020-06-25te. 2w2020-06-25yLFPDZNo se presta c44855d44855